Melbourne Demons Roster - Statistics

General Stats
  • This quiz has been taken 2 times
  • The average score is 19 of 44
Answer Stats
Hint Answer % Correct
1 Steven May
100%
45 Andy Moniz-Wakefield
50%
16 Bailey Laurie
50%
31 Bayler Fritsch
50%
22 Blake Howes
50%
28 Brody Mihocek
50%
6 Caleb Windsor
50%
14 Changkuoth Jiath
50%
3 Christian Salem
50%
10 Daniel Turner
50%
15 Ed Langdon
50%
35 Harrison Petty
50%
30 Harry Sharp
50%
4 Harvey Langford
50%
43 Jack Henderson
50%
9 Jack Steele
50%
7 Jack Viney
50%
2 Jacob Van Rooyen
50%
13 Jai Culley
50%
17 Jake Bowey
50%
8 Jake Lever
50%
18 Jake Melksham
50%
37 Kade Chandler
50%
34 Kalani White
50%
12 Koltyn Tholstrup
50%
36 Kysaiah Pickett
50%
33 Latrelle Pickett
50%
21 Matthew Jefferson
50%
11 Max Gawn
50%
27 Max Heath
50%
29 Tom Campbell
50%
25 Tom Macdonald
50%
32 Tom Sparrow
50%
24 Trent Rivers
50%
5 Xabier Lindsay
50%
19 Xavier Taylor
50%
42 Aidan Johnson
0%
26 Jed Adams
0%
44 Luker Kentfield
0%
38 Oscar Berry
0%
39 Ricky Mentha
0%
40 Riler Onley
0%
23 Shane Mcadam
0%
20 Thomas Matthews
0%
No matching quizzes found
Score Distribution
Percent of People with Each Score
Percentile by Number Answered
Your Score History
You have not taken this quiz